000 01783cam a22004337a 4500
003 CHAP
005 20241029062658.0
008 971013s1992 r 00010 d
010 _a43072
011 _a44044
035 _a48182
040 _cCHAP
082 _a631.7
_bA3
100 0 0 _aAguilar Robledo, Miguel
_eed.
_92831
245 1 3 _aEl proyecto de riego Pujal-Coy de la Huasteca Potosina
_b: problemática y alternativas
260 _aChapingo, Méx. :
_bUACH. Programa Interdepartamental de Integración Agricultura Industria,
_c1992
300 _a162 p.
590 _aBATCH-UPD
_b10
_c20130110
_lUCH01
_h0100
590 _aBATCH-UPD
_b10
_c20130110
_lUCH01
_h1638
590 _aBATCH-UPD
_b10
_c20130410
_lUCH01
_h1029
590 _aBATCH-UPD
_b10
_c20130913
_lUCH01
_h2312
590 _aBATCH-UPD
_b10
_c20130914
_lUCH01
_h1458
590 _aCONVERSION
_b10
_c20130109
_lUCH01
_h1324
650 1 4 _aAgricultura
_xInvestigacion
_xSan Luis Potosi.
_91671
650 1 4 _aCampesinado
_xSan Luis Potosí.
_918038
650 1 4 _aEjidos
_xSan Luis Potosí.
_936028
650 1 4 _aGanadería
_xSan Luis Potosí.
_944846
650 1 4 _aIrrigación
_zSan Luis Potosí.
_960507
650 1 4 _aProyecto de Riego Pujal-Coy, S.L.P.
_992501
700 1 _aMuñoz Rodríguez, Manrrubio
_eed.
_979670
901 _aBK
942 _cLIBRO
949 _a631.7 A3
_bBC
_cCONG
_d33724000164331
_eCONG
_fc.5
_h89189
_i48182
_mD
_si
949 _a631.7 A3
_bBC
_cLIBRO
_d33724000024493
_eLIBRO
_h89185
_i48182
_si
949 _a631.7 A3
_bBC
_cLIBRO
_d33724000024501
_eLIBRO
_fc.2
_h89186
_i48182
_mD
_si
949 _a631.7 A3
_bBC
_cLIBRO
_d33724000024519
_eLIBRO
_fc.3
_h89187
_i48182
_mD
_si
949 _a631.7 A3
_bBC
_cUACH
_d-109300
_eUACH
_fc.4
_h89188
_i48182
_mD
_si
949 _a631.7 A3
_bCIESTAM
_cLIBRO
_d481821
_eLIBRO
_h187
_i48182
_sb
999 _c43072
_d43072